000 00336nam a2200157Ia 4500
100 _aErl/Thomas
942 _cBK
366 _f25
654 _aservice oriented
245 _aService oriented architecture:Concepts
260 _bPearson Education
_c2005
082 _a5.1
_bERL
300 _a760
546 _aENGLISH
999 _c19656
_d19656